Direct versus indirect Pigovian taxation (Registro nro. 27031)

Detalles MARC
000 -LEADER
fixed length control field 00326 a2200109 4500
001 - CONTROL NUMBER
control field ART_14782
005 - DATE AND TIME OF LATEST TRANSACTION
control field 20260410161913.0
008 - FIXED-LENGTH DATA ELEMENTS--GENERAL INFORMATION
fixed length control field 260409a
100 1# - MAIN ENTRY--PERSONAL NAME
Personal name Sandmo, Agnar
245 10 - TITLE STATEMENT
Title Direct versus indirect Pigovian taxation
773 0# - HOST ITEM ENTRY
Title European economic review
Related parts - Vol. 7, Nº 4 (may. 1976)
Record control number REV13346

No hay ítems disponibles.